<?xml version="1.0" encoding="UTF-8"?>
<record
    xmlns:xsi="http://www.w3.org/2001/XMLSchema-instance"
    xsi:schemaLocation="http://www.loc.gov/MARC21/slim http://www.loc.gov/standards/marcxml/schema/MARC21slim.xsd"
    xmlns="http://www.loc.gov/MARC21/slim">

  <leader>00791nam a2200229 a 4500</leader>
  <controlfield tag="001">83200</controlfield>
  <controlfield tag="003">BD-RjUL</controlfield>
  <controlfield tag="005">20240303121302.0</controlfield>
  <controlfield tag="008">240303s20202004ii ||||| |||| 00| 0 ben d</controlfield>
  <datafield tag="020" ind1=" " ind2=" ">
    <subfield code="a">978817332466X</subfield>
  </datafield>
  <datafield tag="035" ind1=" " ind2=" ">
    <subfield code="a">(BD-RjUL)83200</subfield>
  </datafield>
  <datafield tag="040" ind1=" " ind2=" ">
    <subfield code="a">BD-RjUL</subfield>
    <subfield code="b">eng</subfield>
    <subfield code="c">BD-RjUL</subfield>
  </datafield>
  <datafield tag="041" ind1=" " ind2=" ">
    <subfield code="a">ben</subfield>
  </datafield>
  <datafield tag="082" ind1=" " ind2=" ">
    <subfield code="2">23</subfield>
    <subfield code="a">394.26545</subfield>
    <subfield code="b">BHA 2020</subfield>
  </datafield>
  <datafield tag="100" ind1=" " ind2=" ">
    <subfield code="a">&#x9B8;&#x9C7;&#x9A8;, &#x995;&#x9CD;&#x9B7;&#x9BF;&#x9A4;&#x9BF;&#x9AE;&#x9CB;&#x9B9;&#x9A8; </subfield>
    <subfield code="9">11951</subfield>
  </datafield>
  <datafield tag="245" ind1=" " ind2=" ">
    <subfield code="a"> &#x9AD;&#x9BE;&#x9B0;&#x9A4; &#x9AA;&#x9B0;&#x9BF;&#x995;&#x9CD;&#x9B0;&#x9AE;&#x9BE; /</subfield>
    <subfield code="c">&#x995;&#x9CD;&#x9B7;&#x9BF;&#x9A4;&#x9BF;&#x9AE;&#x9CB;&#x9B9;&#x9A8; &#x9B8;&#x9C7;&#x9A8; </subfield>
  </datafield>
  <datafield tag="260" ind1=" " ind2=" ">
    <subfield code="a">&#x995;&#x9B2;&#x995;&#x9BE;&#x9A4;&#x9BE; :</subfield>
    <subfield code="b">&#x9AA;&#x9C1;&#x9A8;&#x9B6;&#x9CD;&#x99A;,</subfield>
    <subfield code="c">&#x9E8;&#x9E6;&#x9E6;&#x9EA;, [&#x9AA;&#x9C1;&#x9A8;&#x9B0;&#x9CD;&#x9AE;&#x9C1;&#x9A6;&#x9CD;&#x9B0;&#x9A3; &#x9E8;&#x9E6;&#x9E8;&#x9E6;]</subfield>
  </datafield>
  <datafield tag="300" ind1=" " ind2=" ">
    <subfield code="a">&#x9EA;&#x9EA;&#x9EE; &#x9AA;&#x9C3;.;</subfield>
    <subfield code="c">&#x9E8;&#x9E8; &#x9B8;&#x9C7;&#x9AE;&#x9BF;.</subfield>
  </datafield>
  <datafield tag="650" ind1=" " ind2=" ">
    <subfield code="a">&#x989;&#x9CE;&#x9B8;&#x9AC; &#x9AD;&#x9BE;&#x9B0;&#x9A4;</subfield>
    <subfield code="9">12018</subfield>
  </datafield>
  <datafield tag="650" ind1=" " ind2=" ">
    <subfield code="a">Festivals India</subfield>
    <subfield code="9">12019</subfield>
  </datafield>
  <datafield tag="942" ind1=" " ind2=" ">
    <subfield code="2">ddc</subfield>
    <subfield code="c">BK</subfield>
  </datafield>
  <datafield tag="999" ind1=" " ind2=" ">
    <subfield code="c">83200</subfield>
    <subfield code="d">83200</subfield>
  </datafield>
  <datafield tag="952" ind1=" " ind2=" ">
    <subfield code="0">0</subfield>
    <subfield code="1">0</subfield>
    <subfield code="2">ddc</subfield>
    <subfield code="4">0</subfield>
    <subfield code="7">1</subfield>
    <subfield code="8">NFIC</subfield>
    <subfield code="a">RUCL</subfield>
    <subfield code="b">RUCL</subfield>
    <subfield code="c">Reading</subfield>
    <subfield code="d">2024-02-27</subfield>
    <subfield code="e">Dhaka : Book Finder</subfield>
    <subfield code="g">651.00</subfield>
    <subfield code="l">0</subfield>
    <subfield code="o">B 394.26545 BHA 2020</subfield>
    <subfield code="r">2024-03-03 00:00:00</subfield>
    <subfield code="t">C-1</subfield>
    <subfield code="w">2024-03-03</subfield>
    <subfield code="y">BK</subfield>
  </datafield>
  <datafield tag="952" ind1=" " ind2=" ">
    <subfield code="0">0</subfield>
    <subfield code="1">0</subfield>
    <subfield code="2">ddc</subfield>
    <subfield code="4">0</subfield>
    <subfield code="7">0</subfield>
    <subfield code="8">NFIC</subfield>
    <subfield code="a">RUCL</subfield>
    <subfield code="b">RUCL</subfield>
    <subfield code="c">GEN</subfield>
    <subfield code="d">2024-02-27</subfield>
    <subfield code="e">Dhaka : Book Finder</subfield>
    <subfield code="g">651.00</subfield>
    <subfield code="l">0</subfield>
    <subfield code="o">B 394.26545 BHA 2020</subfield>
    <subfield code="r">2024-03-03 00:00:00</subfield>
    <subfield code="t">C-2</subfield>
    <subfield code="w">2024-03-03</subfield>
    <subfield code="y">BK</subfield>
  </datafield>
  <datafield tag="952" ind1=" " ind2=" ">
    <subfield code="0">0</subfield>
    <subfield code="1">0</subfield>
    <subfield code="2">ddc</subfield>
    <subfield code="4">0</subfield>
    <subfield code="7">0</subfield>
    <subfield code="8">NFIC</subfield>
    <subfield code="a">RUCL</subfield>
    <subfield code="b">RUCL</subfield>
    <subfield code="c">GEN</subfield>
    <subfield code="d">2024-02-27</subfield>
    <subfield code="e">Dhaka : Book Finder</subfield>
    <subfield code="g">651.00</subfield>
    <subfield code="l">0</subfield>
    <subfield code="o">B 394.26545 BHA 2020</subfield>
    <subfield code="r">2024-03-03 00:00:00</subfield>
    <subfield code="t">C-3</subfield>
    <subfield code="w">2024-03-03</subfield>
    <subfield code="y">BK</subfield>
  </datafield>
  <datafield tag="952" ind1=" " ind2=" ">
    <subfield code="0">0</subfield>
    <subfield code="1">0</subfield>
    <subfield code="2">ddc</subfield>
    <subfield code="4">0</subfield>
    <subfield code="7">0</subfield>
    <subfield code="8">NFIC</subfield>
    <subfield code="a">RUCL</subfield>
    <subfield code="b">RUCL</subfield>
    <subfield code="c">GEN</subfield>
    <subfield code="d">2024-02-27</subfield>
    <subfield code="e">Dhaka : Book Finder</subfield>
    <subfield code="g">651.00</subfield>
    <subfield code="l">0</subfield>
    <subfield code="o">B 394.26545 BHA 2020</subfield>
    <subfield code="r">2024-03-03 00:00:00</subfield>
    <subfield code="t">C-4</subfield>
    <subfield code="w">2024-03-03</subfield>
    <subfield code="y">BK</subfield>
  </datafield>
</record>
